| 000 | 00831nam a22002177a 4500 | ||
|---|---|---|---|
| 999 |
_c18995 _d18995 |
||
| 003 | AR-CdUCM | ||
| 008 | 190516b ||||| |||| 00| 0 spa d | ||
| 040 |
_aMUNICIPALIDAD PROVINCIAL DEL CUSCO _cBIBLIOTECA MUNICIPAL DEL CUSCO |
||
| 082 |
_a616.024 / _bF54 |
||
| 100 |
_aFishbein, Morris _940005 |
||
| 245 | _aEnciclopedia familiar de la medicina y la salud / | ||
| 260 |
_aNew York : _bH. S. Stuttman, _c1964. |
||
| 300 |
_a804 páginas ; _bIlustraciones, _c26 cm. |
||
| 505 | _aContenido: t.1. Abasia a humor acuoso -- Ictericia a zurderia. v.2 : Ictericia -- Intoxicación en la sangre -- Jaqueca -- Labio leporino... | ||
| 650 |
_aMedicina familiar _940006 |
||
| 650 |
_aMedicina popular _96958 |
||
| 650 |
_aEnciclopedias _96681 |
||
| 650 |
_aOrden alfabético _940007 |
||
| 942 |
_2ddc _cLIBROS |
||
| 945 |
_aacv _d2019-05-16 |
||